Eurovision Song Contest Top 4 Positions - Statistics

General Stats
  • This quiz has been taken 334 times
  • The average score is 38 of 41
Answer Stats
Answer % Correct
United Kingdom
100%
France
99%
Italy
99%
Sweden
99%
Switzerland
99%
Norway
98%
Spain
98%
Ukraine
98%
Finland
97%
Germany
97%
Netherlands
97%
Portugal
97%
Russia
97%
West Germany
97%
Austria
96%
Denmark
96%
Ireland
96%
Israel
96%
Belgium
95%
Greece
95%
Latvia
94%
Serbia
94%
Serbia and Montenegro
94%
Estonia
93%
Luxembourg
93%
Turkey
93%
Poland
92%
Azerbaijan
91%
Iceland
91%
Cyprus
90%
Australia
89%
Bulgaria
89%
Malta
85%
Romania
85%
Monaco
83%
Yugoslavia
83%
Armenia
81%
Croatia
80%
Moldova
79%
Hungary
76%
Bosnia and Herzegovina
75%
No matching quizzes found
Score Distribution
Percent of People with Each Score
Percentile by Number Answered
Your Score History
You have not taken this quiz